000 00413nam a2200133Ia 4500
008 231129s9999||||xx |||||||||||||| ||spa||
020 _a84-493-1244-2
040 _bspa
082 _a375 R918q
100 _aRué Joan
245 0 _aQué enseñar y por qué: Elaboración y desarrollo de proyectos de formación
264 _aBarcelona España : Paidós
942 _2ddc
_cBKS
999 _c23573
_d23573